Krátka báseň o tom, prečo som ti vlastne dal toho plyšového medvedíka Ty nevieš milovať

Bibliographic Details
Main Author: Maďar, Drahoslav, 1983- (Author)
Format: Article
Language:Slovak
ISSN:1210-2210
Subjects:

MARC

LEADER 00000nab a2200000 a 4500
001 vtls001487845
003 SK-MaSNL
005 20260304144311.0
008 250505c2003 xo mr|p|||||||000 b|slo
015 |a SNBRB2005/01  |2 snkbucl 
035 |a (uuid)4ade4d90-4e9b-43af-814d-3196470eea6c 
035 |a urn:nbn:sk:snk-abby6f 
035 |a (urnnbn)urn:nbn:sk:snk:ar-003y6u 
038 |a SNKBUCL 
040 |a SNKBUCL  |b slo  |c SNKBUCL  |e AACR2 
041 0 |a slo 
044 |a xo  |c SK 
080 |a 821.162.4-1  |2 1997 
100 1 |a Maďar, Drahoslav,  |d 1983-  |4 aut  |9 1465787 
245 1 0 |a Krátka báseň o tom, prečo som ti vlastne dal toho plyšového medvedíka  |b Ty nevieš milovať  |c Drahoslav Maďar 
650 0 7 |a lyrické básne, slovenské  |2 snkbucl  |9 28980 
740 0 2 |a Ty nevieš milovať 
773 0 |t Dotyky  |g Roč. XV, č. 2 (2003)  |g S. 100  |x 1210-2210 
773 0 |t Almanach 25  |g Roč. XV, č. 2 (2003)  |g S. 100  |x 1210-2210 
850 |a Slovenská národná knižnica 
852 |a Slovenská národná knižnica 
958 |a article15 
958 |a OND 
958 |a LX 
958 |a EUIPO 
999 |c 2930548  |d 2932478